000 00263nam a22001097a 4500
082 _a920/PAN
100 _aPanikkar,K.M.
_983668
245 _aGulab Singh 1792-1858 Founder of Kashmir
260 _aDelhi
_bLG Pub.
_c1930
650 _aBioraphy
_99297
942 _cBK
999 _c68612
_d68612